<?xml version="1.0" encoding="UTF-8"?>
<collection xmlns="http://www.loc.gov/MARC21/slim">
 <record>
  <leader>01802nam a22002897a 4500</leader>
  <controlfield tag="001">NCT_90596</controlfield>
  <controlfield tag="008">210623b        xxu||||| |||| 00| 0 vie d</controlfield>
  <datafield tag="999" ind1=" " ind2=" ">
   <subfield code="c">4469</subfield>
   <subfield code="d">4469</subfield>
  </datafield>
  <datafield tag="020" ind1=" " ind2=" ">
   <subfield code="a">9786049228940</subfield>
   <subfield code="c">80000</subfield>
  </datafield>
  <datafield tag="082" ind1="0" ind2="4">
   <subfield code="2">23rd ed.</subfield>
   <subfield code="a">338.5</subfield>
   <subfield code="b">L120</subfield>
  </datafield>
  <datafield tag="245" ind1="0" ind2="0">
   <subfield code="a">Kinh tế vi mô</subfield>
   <subfield code="c">Lê Bảo Lâm...[et al.]</subfield>
  </datafield>
  <datafield tag="250" ind1=" " ind2=" ">
   <subfield code="a">Tái bản lần thứ 12, có sữa chữa và bổ sung</subfield>
  </datafield>
  <datafield tag="260" ind1=" " ind2=" ">
   <subfield code="a">Tp.Hồ Chí Minh</subfield>
   <subfield code="b">Kinh tế Tp. Hồ Chí Minh</subfield>
   <subfield code="c">2020</subfield>
  </datafield>
  <datafield tag="300" ind1=" " ind2=" ">
   <subfield code="a">235 tr.</subfield>
   <subfield code="b">Hình vẽ</subfield>
   <subfield code="c">24cm</subfield>
  </datafield>
  <datafield tag="520" ind1=" " ind2=" ">
   <subfield code="a">Cung cấp kiến thức cơ bản về kinh tế học vi mô như: Những vấn đề cơ bản về kinh tế học; cầu, cung và giá thị trường; lý thuyết lựa chọn của người tiêu dùng;...</subfield>
  </datafield>
  <datafield tag="653" ind1=" " ind2=" ">
   <subfield code="a">Quản trị kinh doanh</subfield>
  </datafield>
  <datafield tag="700" ind1="1" ind2=" ">
   <subfield code="a">Lê Bảo Lâm</subfield>
  </datafield>
  <datafield tag="700" ind1="1" ind2=" ">
   <subfield code="a">Nguyễn Như Ý</subfield>
  </datafield>
  <datafield tag="700" ind1="1" ind2=" ">
   <subfield code="a">Trần Thị Bích Dung</subfield>
  </datafield>
  <datafield tag="700" ind1="1" ind2=" ">
   <subfield code="a">Trần Bá Thọ</subfield>
  </datafield>
  <datafield tag="942" ind1=" " ind2=" ">
   <subfield code="2">ddc</subfield>
   <subfield code="c">BK</subfield>
  </datafield>
  <datafield tag="952" ind1=" " ind2=" ">
   <subfield code="0">0</subfield>
   <subfield code="1">0</subfield>
   <subfield code="2">ddc</subfield>
   <subfield code="4">0</subfield>
   <subfield code="6">338_500000000000000_L120</subfield>
   <subfield code="7">0</subfield>
   <subfield code="9">21410</subfield>
   <subfield code="a">000001</subfield>
   <subfield code="b">000001</subfield>
   <subfield code="d">2021-06-23</subfield>
   <subfield code="o">338.5 L120</subfield>
   <subfield code="p">MD.18672</subfield>
   <subfield code="r">2021-06-23</subfield>
   <subfield code="v">80000.00</subfield>
   <subfield code="w">2021-06-23</subfield>
   <subfield code="y">BK</subfield>
  </datafield>
  <datafield tag="952" ind1=" " ind2=" ">
   <subfield code="0">0</subfield>
   <subfield code="1">0</subfield>
   <subfield code="2">ddc</subfield>
   <subfield code="4">0</subfield>
   <subfield code="6">338_500000000000000_L120</subfield>
   <subfield code="7">0</subfield>
   <subfield code="9">21411</subfield>
   <subfield code="a">000001</subfield>
   <subfield code="b">000001</subfield>
   <subfield code="d">2021-06-23</subfield>
   <subfield code="o">338.5 L120</subfield>
   <subfield code="p">MD.18673</subfield>
   <subfield code="r">2021-06-23</subfield>
   <subfield code="v">80000.00</subfield>
   <subfield code="w">2021-06-23</subfield>
   <subfield code="y">BK</subfield>
  </datafield>
  <datafield tag="952" ind1=" " ind2=" ">
   <subfield code="0">0</subfield>
   <subfield code="1">0</subfield>
   <subfield code="2">ddc</subfield>
   <subfield code="4">0</subfield>
   <subfield code="6">338_500000000000000_L120</subfield>
   <subfield code="7">0</subfield>
   <subfield code="9">21412</subfield>
   <subfield code="a">000001</subfield>
   <subfield code="b">000001</subfield>
   <subfield code="d">2021-06-23</subfield>
   <subfield code="o">338.5 L120</subfield>
   <subfield code="p">MD.18674</subfield>
   <subfield code="r">2021-06-23</subfield>
   <subfield code="v">80000.00</subfield>
   <subfield code="w">2021-06-23</subfield>
   <subfield code="y">BK</subfield>
  </datafield>
  <datafield tag="952" ind1=" " ind2=" ">
   <subfield code="0">0</subfield>
   <subfield code="1">0</subfield>
   <subfield code="2">ddc</subfield>
   <subfield code="4">0</subfield>
   <subfield code="6">338_500000000000000_L120</subfield>
   <subfield code="7">0</subfield>
   <subfield code="9">21413</subfield>
   <subfield code="a">000001</subfield>
   <subfield code="b">000001</subfield>
   <subfield code="d">2021-06-23</subfield>
   <subfield code="o">338.5 L120</subfield>
   <subfield code="p">MD.18675</subfield>
   <subfield code="r">2021-06-23</subfield>
   <subfield code="v">80000.00</subfield>
   <subfield code="w">2021-06-23</subfield>
   <subfield code="y">BK</subfield>
  </datafield>
  <datafield tag="952" ind1=" " ind2=" ">
   <subfield code="0">0</subfield>
   <subfield code="1">0</subfield>
   <subfield code="2">ddc</subfield>
   <subfield code="4">0</subfield>
   <subfield code="6">338_500000000000000_L120</subfield>
   <subfield code="7">0</subfield>
   <subfield code="9">21414</subfield>
   <subfield code="a">000001</subfield>
   <subfield code="b">000001</subfield>
   <subfield code="d">2021-06-23</subfield>
   <subfield code="o">338.5 L120</subfield>
   <subfield code="p">MD.18676</subfield>
   <subfield code="r">2021-06-23</subfield>
   <subfield code="v">80000.00</subfield>
   <subfield code="w">2021-06-23</subfield>
   <subfield code="y">BK</subfield>
  </datafield>
  <datafield tag="980" ind1=" " ind2=" ">
   <subfield code="a">Thư viện Trường Đại học Nam Cần Thơ</subfield>
  </datafield>
 </record>
</collection>
